Ojo, identidad visual nicaragüense (Record no. 1808)
[ view plain ]
| 000 -LEADER | |
|---|---|
| campo de control de longitud fija | 00617nam a2200157 4500 |
| 008 - DATOS DE LONGITUD FIJA--INFORMACIÓN GENERAL | |
| campo de control de longitud fija | 751.730.92 H889o |
| 020 ## - NÚMERO INTERNACIONAL ESTÁNDAR DEL LIBRO | |
| Número Internacional Estándar del Libro | 9789992406557 |
| 082 ## - NÚMERO DE LA CLASIFICACIÓN DECIMAL DEWEY | |
| Número de clasificación | 751.730.92 |
| Número de ítem | H889o |
| 100 ## - ENTRADA PRINCIPAL--NOMBRE DE PERSONA | |
| Nombre de persona | Hufschmid, Dominique |
| 9 (RLIN) | 7089 |
| 245 ## - MENCIÓN DEL TÍTULO | |
| Título | Ojo, identidad visual nicaragüense |
| 260 ## - PUBLICACIÓN, DISTRIBUCIÓN, ETC. | |
| Lugar de publicación, distribución, etc. | Managua |
| Nombre del editor, distribuidor, etc. | Dominique Hufschmid |
| Fecha de publicación, distribución, etc. | 2007 |
| 300 ## - DESCRIPCIÓN FÍSICA | |
| Extensión | 140 p. |
| Otras características físicas | il (col) |
| Dimensiones | 21 x 16 cm |
| 505 ## - NOTA DE CONTENIDO CON FORMATO | |
| Título | Presentación |
| Mención de responsabilidad | Emerson Pérez S. |
| Título | Rescate estético de la plástica callejera |
| Mención de responsabilidad | Teresa Codina |
| Título | Gusto ingenuo y devenir entrópico |
| Mención de responsabilidad | Patricia Belli |
| 650 ## - PUNTO DE ACCESO ADICIONAL DE MATERIA--TÉRMINO DE MATERIA | |
| Subdivisión general | arte popular |
| -- | gráfica popular |
| -- | arte mural |
| -- | Nicaragua |
| 9 (RLIN) | 7090 |
| 700 ## - ENTRADA AGREGADA--NOMBRE PERSONAL | |
| Nombre de persona | Garay, Xabier |
| 9 (RLIN) | 7091 |
| Estatus retirado | Estado de pérdida | Fuente del sistema de clasificación o colocación | Estado de daño | No para préstamo | Biblioteca de origen | Biblioteca actual | Ubicación en estantería | Fecha de adquisición | Total de préstamos | Signatura topográfica completa | Código de barras | Visto por última vez | Precio de reemplazo | Tipo de ítem Koha |
|---|---|---|---|---|---|---|---|---|---|---|---|---|---|---|
| Clasificación Decimal Dewey | Biblioteca LadoV | Biblioteca LadoV | 04/07/2019 | 751.730.92 H889o | 001495 | 04/07/2019 | 04/07/2019 | Material 01 |
